[Event "European Youth Chess Championship G12"]
[Site "Prague, Top Hotel Prague"]
[Date "2016.08.19"]
[Round "2.3"]
[White "Bellahcene, Sofia"]
[Black "Allahverdiyeva, Ayan"]
[Result "0-1"]
[WhiteElo "1603"]
[BlackElo "1886"]
[PlyCount "28"]
[EventDate "2016.08.18"]

1. e4 e6 2. d4 d5 3. Nc3 Nf6 4. Bg5 Bb4 5. exd5 exd5 6. Qf3 Be6 7. O-O-O Be7 8.
Bd3 Bg4 9. Qg3 Bxd1 10. Nxd1 Nc6 11. c3 Ne4 12. Bxe4 Bxg5+ 13. f4 Bh4 14. Qxg7
Bf6 0-1

[Event "European Youth Chess Championship G12"]
[Site "Prague, Top Hotel Prague"]
[Date "2016.08.19"]
[Round "2.4"]
[White "Lehaci, Miruna-Daria"]
[Black "Goraj, Barbara"]
[Result "0-1"]
[WhiteElo "1860"]
[BlackElo "1619"]
[PlyCount "80"]
[EventDate "2016.08.18"]

1. e4 c5 2. Nc3 a6 3. Nf3 e6 4. d4 cxd4 5. Nxd4 b5 6. Be3 Qc7 7. Qd2 Nf6 8. f3
Be7 9. g4 d6 10. Bh3 Nfd7 11. Bg5 Ne5 12. Bxe7 Qxe7 13. O-O-O O-O 14. f4 Nc4
15. Qe2 Bb7 16. Rhg1 Nc6 17. Nxc6 Bxc6 18. f5 d5 19. Rd4 Qb4 20. Nd1 Qc5 21.
Qf2 e5 22. Rd2 d4 23. Re2 b4 24. f6 Nd6 25. fxg7 Rfb8 26. Rf1 Rb7 27. Rfe1 Rc7
28. g5 Ba4 29. b3 Bb5 30. Rd2 a5 31. Bf5 Nxf5 32. exf5 a4 33. g6 fxg6 34. fxg6
h6 35. Qf6 axb3 36. axb3 Rca7 37. Rf2 Ra1+ 38. Kd2 Rxd1+ 39. Kxd1 Ra1+ 40. Kd2
Qc3# 0-1

[Event "European Youth Chess Championship G12"]
[Site "Prague, Top Hotel Prague"]
[Date "2016.08.19"]
[Round "2.5"]
[White "Ziegenfuss, Antonia"]
[Black "Marcinczyk, Monika"]
[Result "1-0"]
[WhiteElo "1829"]
[BlackElo "1609"]
[PlyCount "75"]
[EventDate "2016.08.18"]

1. e4 e6 2. d4 d5 3. exd5 exd5 4. Nf3 Bd6 5. c4 dxc4 6. Bxc4 Nf6 7. O-O O-O 8.
Nc3 Nc6 9. Be3 Bg4 10. h3 Bh5 11. Bb5 Ne7 12. Bg5 c6 13. Bc4 Qb6 14. Bxf6 gxf6
15. Ne4 Bxf3 16. Nxf6+ Kg7 17. Qxf3 Qxd4 18. Nh5+ Kh8 19. Rad1 Qe5 20. g3 Rad8
21. Rfe1 Qf5 22. Qc3+ f6 23. g4 Qg5 24. f4 Qh4 25. Kg2 Ng6 26. Qg3 Qxg3+ 27.
Kxg3 f5 28. g5 b5 29. Bb3 c5 30. Bc2 c4 31. Re2 Ne7 32. Red2 Bc7 33. Rd7 Rxd7
34. Rxd7 Bd8 35. Rxa7 Nc6 36. Rd7 Nb4 37. Bxf5 Nxa2 38. Bxh7 1-0

[Event "European Youth Chess Championship G12"]
[Site "Prague, Top Hotel Prague"]
[Date "2016.08.19"]
[Round "2.6"]
[White "Trifoi, Mihaela-Ioana"]
[Black "Anghel, Maria"]
[Result "1/2-1/2"]
[WhiteElo "1595"]
[BlackElo "1821"]
[PlyCount "143"]
[EventDate "2016.08.18"]

1. e4 c5 2. Nf3 a6 3. c3 e6 4. d4 d5 5. e5 Bd7 6. Bd3 Nc6 7. O-O Rc8 8. Be3 Qb6
9. b3 cxd4 10. Bxd4 Nxd4 11. cxd4 Ne7 12. Nbd2 Nc6 13. Rc1 Be7 14. Nb1 O-O 15.
Nc3 h6 16. Bb1 Ba3 17. Qd3 g6 18. Rcd1 Nb4 19. Qd2 Kg7 20. Qf4 Qd8 21. Qe3 Qe7
22. Rd2 Rc7 23. Rfd1 Rfc8 24. Ne2 Bb5 25. Qf4 a5 26. Qg3 Bxe2 27. Rxe2 a4 28.
bxa4 Rc3 29. Qh4 Qxh4 30. Nxh4 Nd3 31. Re3 Nb2 32. Rf1 Nxa4 33. Nf3 b5 34. g3
Rxe3 35. fxe3 Rc3 36. Kf2 Bc1 37. Re1 Nb2 38. h3 Bxe3+ 39. Kg2 Nc4 40. Re2 Rc1
41. Bd3 Rc3 42. Bc2 Na3 43. Bb3 Nc4 44. Bc2 Na5 45. Bb1 Nc6 46. Rb2 b4 47. g4
Kf8 48. h4 Ke8 49. h5 g5 50. Bh7 Nxd4 51. Nxd4 Bxd4 52. Rxb4 Bxe5 53. a4 Rc4
54. Rxc4 dxc4 55. a5 Bd4 56. Kf3 Kd7 57. Ke4 Bg7 58. Bg8 c3 59. Kd3 f5 60. a6
Kc7 61. Bxe6 f4 62. Bd5 Kb6 63. Bb7 Ka7 64. Kc2 Bf6 65. Kd3 Bg7 66. Kc2 Bd4 67.
Kd3 Kb6 68. Kc2 f3 69. Bxf3 Kxa6 70. Be4 Kb6 71. Bf5 Kc7 72. Be6 1/2-1/2

[Event "European Youth Chess Championship G12"]
[Site "Prague, Top Hotel Prague"]
[Date "2016.08.19"]
[Round "2.7"]
[White "Levitan, Ronit"]
[Black "Lomaia, Diana"]
[Result "1-0"]
[WhiteElo "1793"]
[BlackElo "1593"]
[PlyCount "171"]
[EventDate "2016.08.18"]

1. e4 c5 2. c3 d5 3. exd5 Qxd5 4. d4 Nc6 5. Nf3 Bg4 6. Be2 cxd4 7. cxd4 e6 8.
Nc3 Bb4 9. O-O Qa5 10. Ne4 Bf5 11. Ng3 Nge7 12. a3 O-O 13. Bf4 Rfd8 14. axb4
Qxb4 15. Qa4 Qb6 16. Bd2 a5 17. Bc3 Bg6 18. Bb5 Rd5 19. Bc4 Rdd8 20. Rfe1 h6
21. h3 Nd5 22. Bxd5 Rxd5 23. Ne2 Qc7 24. Ne5 b5 25. Qb3 a4 26. Qa3 Bf5 27. Nf4
Rdd8 28. Rac1 Nxe5 29. dxe5 Qb7 30. Red1 Qe4 31. Qb4 Qb7 32. Nh5 Be4 33. Re1
Bg6 34. Nf4 Bf5 35. Re3 a3 36. b3 a2 37. Ba1 Kh7 38. Nh5 Bg6 39. Ng3 Qd7 40.
Qe1 Qd5 41. h4 Qd7 42. h5 Bb1 43. Ne4 Bxe4 44. Rxe4 Qd2 45. Qxd2 Rxd2 46. Kf1
Rad8 47. Ke1 R2d3 48. Rb4 R8d5 49. Bb2 Rd2 50. Bc3 R2d3 51. Ba1 Kg8 52. Ke2
Rd2+ 53. Ke1 R2d3 54. f4 Kh7 55. g4 g6 56. hxg6+ Kxg6 57. Ke2 Rd2+ 58. Ke1 R2d3
59. Bb2 Rd2 60. Bc3 R2d3 61. Ba1 h5 62. gxh5+ Kxh5 63. Ke2 Rd2+ 64. Ke3 Rd1 65.
Rxd1 Rxd1 66. Bb2 a1=Q 67. Bxa1 Rxa1 68. Rxb5 Rb1 69. b4 Kg6 70. Rb8 f6 71. b5
fxe5 72. fxe5 Kf5 73. Kd4 Rd1+ 74. Kc5 Kxe5 75. b6 Ke4 76. Re8 Kf5 77. b7 Rc1+
78. Kd6 Rd1+ 79. Ke7 Rb1 80. b8=Q Rxb8 81. Rxb8 e5 82. Re8 e4 83. Kd6 Kf4 84.
Kd5 e3 85. Kd4 Kf3 86. Rxe3+ 1-0

[Event "European Youth Chess Championship G12"]
[Site "Prague, Top Hotel Prague"]
[Date "2016.08.19"]
[Round "2.8"]
[White "Efendieva, Alina"]
[Black "Dylag, Emilia"]
[Result "0-1"]
[WhiteElo "1589"]
[BlackElo "1792"]
[PlyCount "166"]
[EventDate "2016.08.18"]

1. e4 d5 2. exd5 Qxd5 3. Nc3 Qd6 4. d4 Nf6 5. Nf3 c6 6. Ne5 Nbd7 7. Nc4 Qc7 8.
Qf3 Nb6 9. Bf4 Qd8 10. Be5 Be6 11. Nd2 Ng4 12. O-O-O Nxe5 13. dxe5 Qc7 14. Qe4
O-O-O 15. Be2 g6 16. f4 Kb8 17. Nf3 Bh6 18. g3 Bf5 19. Qe3 Nd5 20. Nxd5 Rxd5
21. Rxd5 cxd5 22. Bd3 Bxd3 23. Qxd3 Rc8 24. Re1 e6 25. Nd4 Qa5 26. Re3 Qxa2 27.
Qb5 Qc4 28. Rb3 Qxb5 29. Nxb5 Bf8 30. Rc3 Rxc3 31. Nxc3 Kc7 32. Ne2 a5 33. Kd2
b5 34. Nd4 Kb6 35. Nf3 Be7 36. h4 Kc5 37. Kc3 a4 38. b4+ axb3 39. cxb3 b4+ 40.
Kd3 h6 41. Nd4 Kb6 42. Nc2 Bc5 43. g4 h5 44. gxh5 gxh5 45. Nd4 Kc7 46. Nf3 Kd7
47. Ng5 Ke8 48. Ke2 Kf8 49. Kf3 Be7 50. Nh3 Bxh4 51. f5 Be1 52. fxe6 fxe6 53.
Nf4 Kf7 54. Nxh5 Kg6 55. Nf4+ Kf5 56. Nd3 Bc3 57. Ke3 Kg4 58. Nc5 Kf5 59. Nd3
Bxe5 60. Nxb4 Bd6 61. Nc6 Bc5+ 62. Kd3 e5 63. b4 e4+ 64. Ke2 Bb6 65. b5 Ke6 66.
Nb4 d4 67. Na6 Kd5 68. Nb8 Kc4 69. Nd7 d3+ 70. Kd1 Kxb5 71. Nf6 e3 72. Ne4 e2+
73. Kd2 Ba5+ 74. Kxd3 e1=Q 75. Nd6+ Kc6 76. Ne4 Bb6 77. Nd2 Qe3+ 78. Kc2 Ba5
79. Nb1 Kc5 80. Kb2 Kb4 81. Ka1 Kb3 82. Nd2+ Qxd2 83. Kb1 Qb2# 0-1

[Event "European Youth Chess Championship G12"]
[Site "Prague, Top Hotel Prague"]
[Date "2016.08.19"]
[Round "2.9"]
[White "Stepanyan, Eva"]
[Black "Karavitaki, Evaggelia"]
[Result "1-0"]
[WhiteElo "1780"]
[BlackElo "1581"]
[PlyCount "77"]
[EventDate "2016.08.18"]

1. d4 d5 2. c4 e6 3. Nf3 Nf6 4. e3 c6 5. b3 Nbd7 6. Bd3 Bd6 7. Bb2 O-O 8. Nbd2
Re8 9. Ne5 c5 10. O-O b6 11. f4 Bb7 12. Qf3 dxc4 13. Bxh7+ Kxh7 14. Qxb7 Qe7
15. Nc6 Qf8 16. bxc4 Rac8 17. Ne5 Qe7 18. Qf3 Rh8 19. Nc6 Qe8 20. Nxa7 Rd8 21.
Nc6 Rc8 22. Ne5 Kg8 23. Qg3 Nh5 24. Qf3 g6 25. Nxd7 Qxd7 26. dxc5 Bxc5 27. Ne4
Be7 28. Bxh8 Kxh8 29. Ng5 Kg7 30. Qe2 Qc6 31. Rab1 Nf6 32. Rfc1 Nd7 33. Qb2+
Bf6 34. Qb5 Qc7 35. Ne4 Be7 36. Rd1 Nc5 37. Qb2+ Kg8 38. Nf6+ Kf8 39. Nd5 1-0

[Event "European Youth Chess Championship G12"]
[Site "Prague, Top Hotel Prague"]
[Date "2016.08.19"]
[Round "2.10"]
[White "Mihailova, Alina"]
[Black "Somton, Anita"]
[Result "1-0"]
[WhiteElo "1579"]
[BlackElo "1753"]
[PlyCount "95"]
[EventDate "2016.08.18"]

1. d4 d5 2. c4 e6 3. Nc3 Nf6 4. cxd5 exd5 5. Bg5 Be7 6. e3 O-O 7. Bd3 Nbd7 8.
Nge2 h6 9. Bh4 Re8 10. O-O c6 11. f3 Nf8 12. Bg3 c5 13. Bc2 a6 14. Re1 Ne6 15.
Be5 c4 16. e4 dxe4 17. Nxe4 Nd5 18. N2c3 f6 19. Bg3 Nb4 20. d5 Nxc2 21. Qxc2
Nd4 22. Qd2 Nf5 23. d6 Bf8 24. Rad1 Nxg3 25. hxg3 Qb6+ 26. Kh1 Re5 27. Nxf6+
gxf6 28. Rxe5 fxe5 29. Qd5+ Kh8 30. Qxe5+ Bg7 31. Qe8+ Kh7 32. Qe4+ Kh8 33.
Qe8+ Kh7 34. d7 Bxd7 35. Qxa8 Bf5 36. Qd8 Qxb2 37. Nd5 Qe2 38. Nf4 Qf2 39. g4
Bxg4 40. Qd5 Qh4+ 41. Kg1 Qf6 42. Qxc4 b5 43. Qc7 Bf5 44. Nh5 Qg5 45. Qxg7+
Qxg7 46. Nxg7 Kxg7 47. Rd6 Bd3 48. Rxd3 1-0

[Event "European Youth Chess Championship G12"]
[Site "Prague, Top Hotel Prague"]
[Date "2016.08.19"]
[Round "2.11"]
[White "Smetisko, Lucija"]
[Black "Sovina, Maria"]
[Result "0-1"]
[WhiteElo "1555"]
[BlackElo "1740"]
[PlyCount "150"]
[EventDate "2016.08.18"]

1. e4 c5 2. Nf3 Nc6 3. d4 cxd4 4. Nxd4 Qb6 5. Nxc6 bxc6 6. Be2 e5 7. O-O Nf6 8.
Nc3 Bb4 9. Qd3 h6 10. Be3 Qc7 11. Bd2 O-O 12. Qf3 Rb8 13. Bxh6 Bxc3 14. bxc3 d5
15. Bxg7 Kxg7 16. Qg3+ Kh8 17. Qh4+ Nh7 18. f4 f5 19. exd5 cxd5 20. fxe5 Qxe5
21. Rae1 Qxc3 22. Bd3 Qf6 23. Qh3 Rb4 24. Re2 Rh4 25. Qf3 Qd4+ 26. Kh1 f4 27.
Re7 Ng5 28. Qe2 f3 29. gxf3 Bh3 30. Rb1 Nxf3 31. Qxf3 Rg8 32. Rh7+ Rxh7 33.
Bxh7 Bg2+ 34. Qxg2 Rxg2 35. Kxg2 Kxh7 36. Rf1 Qe4+ 37. Kg1 Kg6 38. Rf2 Qa4 39.
c3 Qd1+ 40. Kg2 Qd3 41. Rf3 Qd2+ 42. Rf2 Qxc3 43. Kf1 d4 44. Ke2 d3+ 45. Kd1
Qa1+ 46. Kd2 Qxa2+ 47. Ke3 Qd5 48. Rd2 a5 49. Rxd3 Qe5+ 50. Kd2 Qxh2+ 51. Kc3
Qa2 52. Rd2 Qa3+ 53. Kc2 a4 54. Kb1 Kf5 55. Ra2 Qb3+ 56. Rb2 Qd1+ 57. Ka2 Ke4
58. Ka3 Qc1 59. Ka2 Qc3 60. Rh2 Qc4+ 61. Kb1 Qb5+ 62. Ka2 Qb3+ 63. Ka1 Kd4 64.
Rh4+ Kc5 65. Rh5+ Kb4 66. Rh2 Ka3 67. Rc2 Qd3 68. Ra2+ Kb3 69. Rb2+ Kc4 70. Ka2
Kc3 71. Ka1 a3 72. Rb1 Kc2 73. Rb8 Qc3+ 74. Ka2 Qb2+ 75. Rxb2+ axb2 0-1

[Event "European Youth Chess Championship G12"]
[Site "Prague, Top Hotel Prague"]
[Date "2016.08.19"]
[Round "2.12"]
[White "Shehzad, Alisha"]
[Black "Zeliantsova, Kseniya"]
[Result "1/2-1/2"]
[WhiteElo "1528"]
[BlackElo "1723"]
[PlyCount "67"]
[EventDate "2016.08.18"]

1. e4 c5 2. Nc3 e6 3. Nge2 d5 4. exd5 exd5 5. d4 c4 6. g3 Nf6 7. Bg2 Na6 8. Bg5
Bb4 9. O-O Bxc3 10. bxc3 Nc7 11. Nf4 Be6 12. Re1 O-O 13. Nh5 Nce8 14. Re5 h6
15. Bxf6 Nxf6 16. Nxf6+ Qxf6 17. Bxd5 Bxd5 18. Rxd5 Rfe8 19. Rc5 Qa6 20. a4 Re7
21. Qg4 b6 22. Re5 Rxe5 23. dxe5 b5 24. Qd7 Qa5 25. Ra3 Rb8 26. Qd6 Rd8 27. Qb4
Qxb4 28. cxb4 a6 29. axb5 axb5 30. Kf1 Rd5 31. Re3 Kf8 32. Ke2 Ke7 33. f4 Ke6
34. h3 1/2-1/2

[Event "European Youth Chess Championship G12"]
[Site "Prague, Top Hotel Prague"]
[Date "2016.08.19"]
[Round "2.13"]
[White "Mkrtchyan, Mariam"]
[Black "Pisova, Petra"]
[Result "1-0"]
[WhiteElo "1720"]
[BlackElo "1555"]
[PlyCount "49"]
[EventDate "2016.08.18"]

1. d4 d5 2. Nf3 Nf6 3. g3 e6 4. Bg2 Be7 5. O-O O-O 6. c4 Nbd7 7. Nc3 Re8 8. Qd3
Nf8 9. e4 dxc4 10. Qxc4 c6 11. Rd1 Bd7 12. Ne5 Rc8 13. Be3 Ng6 14. Qe2 Qc7 15.
f4 Red8 16. Rac1 Be8 17. Bf2 Bf8 18. h4 Kh8 19. h5 Ne7 20. a3 Nd7 21. b4 g6 22.
d5 Nf6 23. Nb5 Qb8 24. Nxa7 Rc7 25. d6 1-0

[Event "European Youth Chess Championship G12"]
[Site "Prague, Top Hotel Prague"]
[Date "2016.08.19"]
[Round "2.14"]
[White "Khachatryan, Nadezhda"]
[Black "Rzali, Sabina"]
[Result "0-1"]
[WhiteElo "1507"]
[BlackElo "1719"]
[PlyCount "82"]
[EventDate "2016.08.18"]

1. d4 d5 2. Nf3 Nf6 3. e3 e6 4. Bd3 Be7 5. O-O O-O 6. b3 b6 7. Bb2 Bb7 8. Ne5
Nbd7 9. f4 c5 10. Qf3 Ne4 11. Nc3 f5 12. Nxd7 Qxd7 13. Qe2 cxd4 14. exd4 Bf6
15. Nd1 Rac8 16. Bxe4 dxe4 17. c3 Bc6 18. Ne3 b5 19. Rfd1 Rfd8 20. Rac1 Qb7 21.
c4 bxc4 22. bxc4 Qb6 23. c5 Qc7 24. Qf2 Bd5 25. Ba1 Qc6 26. Qd2 Qa4 27. Rc2 Rd7
28. Qf2 Rcd8 29. Rcd2 Bc4 30. Nxc4 Qxc4 31. Qe3 h6 32. g3 Kf7 33. Qf2 g5 34.
Qe3 gxf4 35. gxf4 Rg8+ 36. Kh1 Ke8 37. Qa3 e3 38. Rg2 Rxg2 39. Kxg2 Qe2+ 40.
Kh1 Qf3+ 41. Kg1 Rg7# 0-1

[Event "European Youth Chess Championship G12"]
[Site "Prague, Top Hotel Prague"]
[Date "2016.08.19"]
[Round "2.15"]
[White "Portnoy, Noam"]
[Black "Mikhailina, Elena"]
[Result "1/2-1/2"]
[WhiteElo "1710"]
[BlackElo "1541"]
[PlyCount "104"]
[EventDate "2016.08.18"]

1. c4 e6 2. Nc3 d5 3. cxd5 exd5 4. g3 c6 5. Bg2 Nf6 6. Nf3 Be7 7. O-O O-O 8.
Rb1 Bf5 9. d3 Nbd7 10. b4 Bd6 11. Nh4 Be6 12. f4 Nb6 13. e4 dxe4 14. dxe4 Bc7
15. e5 Qxd1 16. Rxd1 Nfd5 17. Ne4 Rad8 18. Bd2 Nc4 19. Kh1 a6 20. a4 h6 21. Bf3
Ndb6 22. a5 Nd5 23. Bc3 Na3 24. Rb2 Nb5 25. Bd4 Nxd4 26. Rxd4 Ne3 27. Rxd8 Rxd8
28. Nc5 Bc8 29. Ng2 Nxg2 30. Kxg2 Kf8 31. Kf2 Kg8 32. Ke3 Kf8 33. Rd2 Rxd2 34.
Kxd2 Bd8 35. Ne4 Be7 36. Kc3 Ke8 37. Nd6+ Bxd6 38. exd6 Be6 39. Kd4 Kd7 40. Kc5
Bf5 41. Be2 Be6 42. Bd3 g6 43. h4 h5 44. Bf1 f5 45. Be2 Bd5 46. Bf1 Ke6 47. Bd3
Kd7 48. Bc4 Bxc4 49. Kxc4 Kxd6 50. Kd4 Ke6 51. Kc5 Kd7 52. Kb6 Kc8 1/2-1/2

[Event "European Youth Chess Championship G12"]
[Site "Prague, Top Hotel Prague"]
[Date "2016.08.19"]
[Round "2.16"]
[White "Toncheva, Nadya"]
[Black "Dgebuadze, Marie"]
[Result "1/2-1/2"]
[WhiteElo "1689"]
[BlackElo "1449"]
[PlyCount "82"]
[EventDate "2016.08.18"]

1. e4 c5 2. c3 g6 3. d4 cxd4 4. cxd4 d5 5. exd5 Bg7 6. Nc3 Nf6 7. Bc4 O-O 8.
Bf4 Nbd7 9. d6 exd6 10. Nge2 Nb6 11. Bb3 d5 12. O-O a6 13. Bg5 Qd6 14. Nf4 Ne4
15. Nxe4 dxe4 16. Ne2 Bg4 17. Be3 Kh8 18. h3 Bxe2 19. Qxe2 f5 20. Rfd1 Nd5 21.
Bd2 Rac8 22. f3 Rfe8 23. Bxd5 Qxd5 24. Bc3 Rc4 25. Kh1 Rd8 26. fxe4 fxe4 27.
Re1 Bxd4 28. Red1 b5 29. Rxd4 Rxd4 30. Rd1 Qe5 31. Rd2 Kg8 32. Bxd4 Rxd4 33.
Rc2 Rd8 34. Rc1 e3 35. Re1 Rd2 36. Qxe3 Qxe3 37. Rxe3 Rxb2 38. Ra3 b4 39. Rxa6
b3 40. Ra8+ Kg7 41. axb3 Rxb3 1/2-1/2

[Event "European Youth Chess Championship G12"]
[Site "Prague, Top Hotel Prague"]
[Date "2016.08.19"]
[Round "2.17"]
[White "Katter, Katharina"]
[Black "Babineca, Darja"]
[Result "0-1"]
[WhiteElo "1380"]
[BlackElo "1686"]
[PlyCount "126"]
[EventDate "2016.08.18"]

1. e4 e5 2. Nf3 Nc6 3. d4 exd4 4. Nxd4 Qh4 5. Nc3 Bb4 6. Be2 Nf6 7. O-O Bxc3 8.
bxc3 Nxe4 9. Nxc6 dxc6 10. Qd4 c5 11. Qxg7 Qf6 12. Qxf6 Nxf6 13. Re1 Be6 14.
Bc4 a6 15. Bxe6 fxe6 16. Rxe6+ Kf7 17. Re2 Rhg8 18. Bd2 Rad8 19. Rae1 Rd7 20.
g3 c4 21. Be3 b6 22. Bd4 Nd5 23. Rd2 Rgd8 24. Red1 c5 25. Be5 Ke6 26. f4 h5 27.
Kf2 b5 28. Re1 Kf7 29. h3 b4 30. cxb4 Nxb4 31. Rxd7+ Rxd7 32. c3 Nd3+ 33. Ke2
Nxe1 34. Kxe1 Rb7 35. Bd6 Rb1+ 36. Kd2 Rb2+ 37. Ke3 Rxa2 38. g4 Rh2 39. gxh5
Rxh3+ 40. Ke4 Rxh5 41. f5 Rh3 42. f6 Rxc3 43. Bxc5 Rd3 44. Bd4 a5 45. Bb6 a4
46. Bd4 a3 47. Kd5 Rxd4+ 48. Kxd4 a2 49. Kxc4 a1=Q 50. Kd5 Qxf6 51. Ke4 Qg5 52.
Kd3 Qf4 53. Kc3 Qe4 54. Kb3 Qd4 55. Kc2 Qe3 56. Kb2 Qd3 57. Kc1 Qe2 58. Kb1 Qd2
59. Ka1 Ke6 60. Kb1 Kd5 61. Ka1 Kc4 62. Kb1 Kb3 63. Ka1 Qc1# 0-1

[Event "European Youth Chess Championship G12"]
[Site "Prague, Top Hotel Prague"]
[Date "2016.08.19"]
[Round "2.18"]
[White "Donghvani, Nia"]
[Black "Maziukaite, Kristina"]
[Result "1-0"]
[WhiteElo "1686"]
[BlackElo "1323"]
[PlyCount "61"]
[EventDate "2016.08.18"]

1. e4 c6 2. d4 d5 3. e5 Bf5 4. h4 h6 5. g4 Bh7 6. Nh3 e6 7. Nf4 c5 8. c3 Nc6 9.
Qb3 Qc7 10. Be3 Rc8 11. Nd2 c4 12. Qd1 Be7 13. Bg2 b5 14. g5 Qd8 15. g6 Bxg6
16. Nxg6 fxg6 17. Qg4 Kd7 18. Bxd5 Kc7 19. Bxe6 Rb8 20. Qxg6 Qf8 21. f4 Kb7 22.
Bd5 Rc8 23. Bf3 Rc7 24. d5 Qc8 25. dxc6+ Ka8 26. O-O-O Bf8 27. Qg4 Qe8 28. Ne4
h5 29. Qg2 Nh6 30. Nc5 Nf7 31. Rd7 1-0

[Event "European Youth Chess Championship G12"]
[Site "Prague, Top Hotel Prague"]
[Date "2016.08.19"]
[Round "2.19"]
[White "Kostina, Veronika"]
[Black "Vorobyova, Ekaterina"]
[Result "1-0"]
[WhiteElo "1309"]
[BlackElo "1686"]
[PlyCount "119"]
[EventDate "2016.08.18"]

1. e4 e5 2. Nf3 Nc6 3. Bb5 a6 4. Ba4 Nf6 5. d4 exd4 6. e5 Ne4 7. O-O Be7 8. Re1
Nc5 9. Bxc6 dxc6 10. Nxd4 O-O 11. Nc3 Ne6 12. Nf3 Bc5 13. Be3 Qe7 14. Qe2 b5
15. Rad1 Bb7 16. Rd3 Rad8 17. Red1 Rxd3 18. Qxd3 Rd8 19. Bxc5 Qe8 20. Qe3 Rxd1+
21. Nxd1 Qd8 22. Nc3 a5 23. a3 b4 24. axb4 axb4 25. Bxb4 c5 26. Ba3 Nd4 27.
Nxd4 cxd4 28. Qd2 Qd7 29. Ne2 Qg4 30. Ng3 h5 31. Qe2 Qg5 32. f3 h4 33. Nf1 h3
34. Ng3 hxg2 35. Kxg2 Qf4 36. Bb4 g5 37. h3 Bc8 38. Qe4 Qc1 39. Qxd4 Qxc2+ 40.
Qd2 Qg6 41. Be7 Bxh3+ 42. Kxh3 Qe6+ 43. Nf5 Qxf5+ 44. Kg2 Qxe5 45. Qxg5+ Qxg5+
46. Bxg5 Kf8 47. Kf2 Ke8 48. Ke3 Kd7 49. Kd4 Ke6 50. Kc5 Kd7 51. b4 f5 52. b5
Kc8 53. Kc6 Kb8 54. Bd8 Kc8 55. Bxc7 f4 56. Bxf4 Kd8 57. b6 Kc8 58. b7+ Kd8 59.
b8=Q+ Ke7 60. Qd6+ 1-0

[Event "European Youth Chess Championship G12"]
[Site "Prague, Top Hotel Prague"]
[Date "2016.08.19"]
[Round "2.20"]
[White "Adamczyk, Zuzanna"]
[Black "Sawhney, Anisha"]
[Result "1-0"]
[WhiteElo "1672"]
[BlackElo "1301"]
[PlyCount "55"]
[EventDate "2016.08.18"]

1. e4 e5 2. Nf3 Nc6 3. d4 exd4 4. Nxd4 Nf6 5. Nxc6 bxc6 6. e5 Ne4 7. Qe2 Nc5 8.
b3 Be7 9. g3 O-O 10. Bg2 Re8 11. O-O Bd6 12. f4 Ba6 13. c4 f6 14. Bb2 Qe7 15.
Re1 Qe6 16. Nd2 Bf8 17. Qf3 Qf5 18. Ne4 fxe5 19. Bxe5 d5 20. Nxc5 Bxc5+ 21. Kh1
Bb4 22. Red1 dxc4 23. Qxc6 Qc8 24. Rd7 Bb7 25. Rxg7+ Kh8 26. Rxh7+ Kg8 27. Qg6+
Kf8 28. Qf7# 1-0

[Event "European Youth Chess Championship G12"]
[Site "Prague, Top Hotel Prague"]
[Date "2016.08.19"]
[Round "2.21"]
[White "Sild, Marta Pauliine"]
[Black "Krasteva, Beloslava"]
[Result "0-1"]
[WhiteElo "1239"]
[BlackElo "1996"]
[PlyCount "90"]
[EventDate "2016.08.18"]

1. e4 c5 2. Nf3 d6 3. Bb5+ Nd7 4. O-O a6 5. Bd3 Ngf6 6. c3 b5 7. a4 c4 8. Bc2
Bb7 9. Re1 e6 10. axb5 axb5 11. Rxa8 Bxa8 12. d3 Nc5 13. dxc4 bxc4 14. Na3 Bxe4
15. Bxe4 Nfxe4 16. Nxc4 d5 17. Nce5 Bd6 18. Nd3 O-O 19. Nxc5 Bxc5 20. Be3 Bd6
21. Qc1 Qc7 22. g3 Rb8 23. Ng5 Nxg5 24. Bxg5 Qb6 25. Re2 Ra8 26. Be3 Qb5 27.
Re1 Ra2 28. b4 Qc4 29. Bd4 h6 30. Rd1 e5 31. Be3 Qa6 32. Kg2 e4 33. Qb1 Ra3 34.
Qc1 Be5 35. Bd4 Bxd4 36. cxd4 Rb3 37. Qc5 Qb7 38. Ra1 Rxb4 39. Ra5 Rb2 40. Qxd5
Qxd5 41. Rxd5 e3 42. Kf1 Rxf2+ 43. Ke1 Rxh2 44. Re5 Rd2 45. Rxe3 Rxd4 0-1

[Event "European Youth Chess Championship G12"]
[Site "Prague, Top Hotel Prague"]
[Date "2016.08.19"]
[Round "2.22"]
[White "Garifullina, Leya"]
[Black "Maione, Melissa"]
[Result "1-0"]
[WhiteElo "1906"]
[BlackElo "1494"]
[PlyCount "67"]
[EventDate "2016.08.18"]

1. e4 e5 2. Nf3 Nc6 3. Bb5 Nf6 4. O-O Nxe4 5. d4 Nd6 6. Bxc6 dxc6 7. dxe5 Nf5
8. Qxd8+ Kxd8 9. Rd1+ Ke8 10. Nc3 Bd7 11. Ne2 h6 12. b3 Rd8 13. Bb2 Ne7 14. Nf4
c5 15. c4 Rg8 16. h3 g6 17. Ne1 Bg7 18. Nc2 b6 19. Ne3 Be6 20. Nfd5 Nxd5 21.
cxd5 Bc8 22. f4 Bb7 23. Rd2 Kd7 24. f5 Kc8 25. f6 Bh8 26. Rad1 Rde8 27. e6 Rgf8
28. e7 Rg8 29. Ng4 g5 30. Nxh6 Rg6 31. Nxf7 Bxf6 32. d6 Bd4+ 33. Bxd4 cxd4 34.
Rxd4 1-0

[Event "European Youth Chess Championship G12"]
[Site "Prague, Top Hotel Prague"]
[Date "2016.08.19"]
[Round "2.23"]
[White "Yakimova, Mariya"]
[Black "Kasaeva, Sofiia"]
[Result "1-0"]
[WhiteElo "1818"]
[BlackElo "1514"]
[PlyCount "97"]
[EventDate "2016.08.18"]

1. e4 e5 2. Nf3 Nc6 3. d4 exd4 4. Nxd4 Nf6 5. Nxc6 bxc6 6. e5 Qe7 7. Qe2 Nd5 8.
c4 Ba6 9. b3 g6 10. Bb2 Bg7 11. Nd2 O-O 12. O-O-O Rfe8 13. Qg4 Nb6 14. Nf3 Rad8
15. Kb1 d6 16. exd6 Rxd6 17. Bd3 Bxb2 18. Kxb2 Qf6+ 19. Kc2 Rb8 20. Qg5 Qg7 21.
Qe5 Qxe5 22. Nxe5 Nd7 23. Nxd7 Rxd7 24. Be4 Rxd1 25. Rxd1 Bb7 26. Rd7 Rc8 27.
Kc3 Kf8 28. f4 Ke8 29. Rd3 f5 30. Bf3 Rd8 31. Rxd8+ Kxd8 32. Kd4 Kd7 33. Kc5 a6
34. b4 Kc8 35. Bxc6 Bxc6 36. Kxc6 Kb8 37. a4 h6 38. h4 Kc8 39. a5 h5 40. b5
axb5 41. cxb5 g5 42. hxg5 h4 43. a6 Kb8 44. g6 h3 45. gxh3 Ka8 46. g7 Ka7 47.
h4 Ka8 48. g8=Q+ Ka7 49. b6+ 1-0

[Event "European Youth Chess Championship G12"]
[Site "Prague, Top Hotel Prague"]
[Date "2016.08.19"]
[Round "2.24"]
[White "Tryggestad, Linnea Garberg"]
[Black "Wikar, Martyna"]
[Result "0-1"]
[WhiteElo "1528"]
[BlackElo "1803"]
[PlyCount "78"]
[EventDate "2016.08.18"]

1. d4 d5 2. c4 e6 3. Nc3 Nf6 4. Bg5 Be7 5. Nf3 c6 6. e3 Nbd7 7. Bd3 h6 8. Bh4
O-O 9. O-O b6 10. Re1 Bb7 11. Rc1 Rc8 12. h3 c5 13. cxd5 Nxd5 14. Bxe7 Qxe7 15.
Bb1 N7f6 16. Ne5 Rfd8 17. Nxd5 Rxd5 18. Qa4 a6 19. Red1 Rcd8 20. Qc4 b5 21. Qc3
Qd6 22. Nf3 Qb6 23. Bc2 cxd4 24. Rxd4 Rxd4 25. Nxd4 Ne4 26. Bxe4 Bxe4 27. f4 f6
28. Nb3 Kh7 29. Kf2 Rd3 30. Qe1 Qd6 31. Kg1 Rd5 32. Kf2 e5 33. Kg1 exf4 34.
exf4 Qxf4 35. Nc5 Re5 36. Nd7 Rg5 37. g4 Rxg4+ 38. hxg4 Qxg4+ 39. Kf2 Qf3+ 0-1

[Event "European Youth Chess Championship G12"]
[Site "Prague, Top Hotel Prague"]
[Date "2016.08.19"]
[Round "2.25"]
[White "Scarpa, Alessandra"]
[Black "Mironenko, Galina"]
[Result "0-1"]
[WhiteElo "1492"]
[BlackElo "1769"]
[PlyCount "66"]
[EventDate "2016.08.18"]

1. d4 Nc6 2. c4 e5 3. Nf3 Bb4+ 4. Bd2 Bxd2+ 5. Qxd2 exd4 6. Nxd4 Nxd4 7. Qxd4
Nf6 8. g3 O-O 9. Bg2 Re8 10. Nc3 d6 11. O-O Qe7 12. Qd2 a6 13. Qc2 Qe5 14. Rfe1
Qh5 15. Ne4 Ng4 16. h3 Ne5 17. g4 Qh6 18. Rf1 f5 19. g5 Qh4 20. Ng3 Qxg5 21.
Kh2 f4 22. Ne4 Qh4 23. Qb3 Rb8 24. c5+ Be6 25. Qc3 d5 26. Nd2 Qf6 27. Rad1 d4
28. Qc2 d3 29. exd3 f3 30. Rg1 Qf4+ 31. Kh1 fxg2+ 32. Rxg2 Bxh3 33. Rh2 Ng4 0-1

[Event "European Youth Chess Championship G12"]
[Site "Prague, Top Hotel Prague"]
[Date "2016.08.19"]
[Round "2.26"]
[White "Kirchei, Viktoriia"]
[Black "Koksa, Jelena"]
[Result "1-0"]
[WhiteElo "1767"]
[BlackElo "1463"]
[PlyCount "45"]
[EventDate "2016.08.18"]

1. e4 e5 2. Nf3 Nc6 3. Nc3 Nf6 4. d4 exd4 5. Nxd4 Bb4 6. Nxc6 bxc6 7. Bd3 h6 8.
O-O d6 9. h3 O-O 10. Bd2 Re8 11. Re1 Bd7 12. a3 Bc5 13. Na4 Bb6 14. Nxb6 cxb6
15. Qf3 Nh7 16. Qg3 Qf6 17. Bf4 Qxb2 18. Bxh6 Bxh3 19. e5 g6 20. Bxg6 Kh8 21.
Bxh7 Rg8 22. Bxg8 Rxg8 23. Qxh3 1-0